| 000 | 003020000a22000970004500 | ||
|---|---|---|---|
| 100 | 1 | _aDeSilva, David A. | |
| 245 | 1 | 0 | _aHonor discourse and the rhetorical strategy of the apocalypse of John |
| 300 | _aNúm 71 (1998), Páginas 79-110 | ||
| 773 | 0 | _tJournal for the Study of the New Testament | |
| 942 | _cANA | ||
| 999 |
_c56025 _d56025 |
||